00405nam a2200157Ia 450000100060000000800410000602000070004704000130005408200190006710000220008624500650010826000460017330000110021954600070023065000100023743614140425s9999 xx 000 0 und d aNA cPK-LaUMT aRHC 297bANA-S aAnayet Ullah Toor aSabeelul momineen (Urdu)bmomnu ka raastacAnayet Ullah Toor aLahore,Pakistan:bAlmas Publishers,c1996 a112 p. aUR aIslam